| Record ID | ia:encyclopediaofmi0000jack_v3r8 |
| Source | Internet Archive |
| Download MARC XML | https://archive.org/download/encyclopediaofmi0000jack_v3r8/encyclopediaofmi0000jack_v3r8_marc.xml |
| Download MARC binary | https://www.archive.org/download/encyclopediaofmi0000jack_v3r8/encyclopediaofmi0000jack_v3r8_meta.mrc |
LEADER: 01634cam 2200421Ma 4500
001 ocn224353713
003 OCoLC
005 20210128013045.0
008 040929r20032002enkaf e 001 0 eng d
040 $aAU@$beng$cAU@$dOCLCF$dOCLCO$dOCLCQ$dPHCSB$dOCLCQ$dUNITY
020 $a1405416831
020 $a9781405416832
035 $a(OCoLC)224353713
050 4 $aUG1240 J25 2003
082 04 $a358.4183$222
100 1 $aJackson, Robert.
245 14 $aThe encyclopedia of military aircraft /$cRobert Jackson.
250 $aRev. ed.
260 $aBath [England] :$bParragon,$c2003.
300 $a384 pages, 2 unnumbered pages of plates :$billustrations (some color) ;$c28 cm
336 $atext$btxt$2rdacontent
337 $aunmediated$bn$2rdamedia
338 $avolume$bnc$2rdacarrier
500 $aIncludes index.
520 $a'The Encyclopedia of Military Aircraft' is a truly magnificent collection, which will find pride of place on the shelves of anyone with an interest in aviation. Over 650 of the world's greatest military aircraft are featured and each entry has full specifications, development history and service details.
650 0 $aAirplanes, Military$vEncyclopedias.
650 7 $aAirplanes, Military.$2fast$0(OCoLC)fst00803587
655 7 $aEncyclopedias.$2fast$0(OCoLC)fst01423798
029 0 $aAU@$b000026245878
029 1 $aNZ1$b12676575
029 1 $aNZ1$b14609533
029 1 $aUKBCI$b01533905X
029 1 $aUKDON$b1405416831
029 1 $aUKPMH$b01533905X
029 1 $aUKPMH$b1405416831
029 1 $aUNITY$b01533905X
994 $aZ0$bP4A
948 $hNO HOLDINGS IN P4A - 11 OTHER HOLDINGS